| 000 | 00545nam a2200121Ia 4500 | ||
|---|---|---|---|
| 008 | 220615s9999||||xx |||||||||||||| ||und|| | ||
| 245 | 0 |
_aChinese Water Systems _bVolume 4: Applied Water Management in China |
|
| 546 | _aEnglish[eng] | ||
| 650 | _aIntegrated Water Resources Management||Water Governance||Urban Drainage||Waste Water Treatment||Sinowater||Open Access | ||
| 700 | _aDohmann, Max||Grambow, Martin||Song, Yonghui||Wermter, Paul | ||
| 856 | _uhttps://library.oapen.org/bitstream/20.500.12657/50962/1/978-3-030-80234-9.pdf | ||
| 942 | _cEB | ||
| 999 |
_c14137 _d14137 |
||